[Event "Bucaramanga Santander-ch"]
[Site "Bucaramanga"]
[Date "2024.03.09"]
[Round "3"]
[White "Rincon Pita, Anthony Edu"]
[Black "Moreno Vega, Jose Miguel"]
[Result "0-1"]
[WhiteElo "1500"]
[BlackElo "1884"]
[PlyCount "44"]
[EventDate "2024.03.08"]
[EventType "swiss"]
[EventRounds "7"]
[EventCountry "COL"]
[SourceTitle "CB13_2024"]
[SourceDate "2024.03.27"]
[SourceVersion "1"]
[SourceVersionDate "2024.03.27"]
[SourceQuality "1"]

1. d4 f5 2. Bf4 Nf6 3. e3 e6 4. Nf3 d5 5. Nbd2 c5 6. c3 Nc6 7. Nb3 c4 8. Nbd2 b5 9. b4 a5 10. a3 Bd6 11. Ng5 0-0 12. Qf3 h6 13. Qg3 hxg5 14. Bxd6 f4 15. exf4 Qxd6 16. Qxg5 axb4 17. Nb1 bxa3 18. h4 Ne4 19. Qg6 Qxf4 20. h5 a2 21. h6 axb1Q+ 22. Rxb1 Qd2# 0-1